000 00852cam a22002413a 4500
001 11145
003 PGUSA
005 20140828083233.0
008 040201s2004||||xxu|||||s|||||000 | eng d
040 _aPGUSA
_beng
042 _adc
050 4 _aF721
100 1 _aLangford, Nathaniel Pitt,
_d1832-1911
245 1 4 _aThe Discovery of Yellowstone Park :
_bJournal of the Washburn Expedition to the Yellowstone and Firehole Rivers in the Year 1870
_h[electronic resource] /
_cNathaniel Pitt Langford
260 _bProject Gutenberg,
_c2004
506 _aPublic domain in the USA.
516 _aElectronic text
653 _aYellowstone National Park -- Discovery and exploration
653 _aLangford, Nathaniel Pitt, 1832-1911 -- Diaries
830 0 _aProject Gutenberg
_v11145
856 4 0 _uhttp://www.gutenberg.org/ebooks/11145
942 _cEB
999 _c240400
_d240400